Countries with no Inland Surface Water. - Statistics

General Stats
  • This quiz has been taken 695 times
    24 since last reset
  • The average score is 26 of 34
Answer Stats
Answer % Correct
Bahrain
100%
Qatar
100%
Saudi Arabia
100%
Yemen
100%
Oman
96%
United Arab Emirates
96%
Saint Kitts and Nevis
91%
Tuvalu
91%
Antigua and Barbuda
87%
Fiji
87%
Kuwait
87%
Saint Vincent and the Grenadines
87%
Barbados
83%
Monaco
83%
Comoros
78%
Federated States of Micronesia
78%
Kiribati
78%
Nauru
78%
Palau
78%
Trinidad and Tobago
78%
Vanuatu
78%
Vatican City
78%
Dominica
74%
Grenada
74%
Maldives
74%
Malta
74%
Seychelles
74%
Liechtenstein
70%
Lesotho
61%
Libya
61%
Sao Tome and Principe
61%
Cape Verde
57%
Equatorial Guinea
30%
Angola
26%
No matching quizzes found
Score Distribution
Percent of People with Each Score
Percentile by Number Answered
Your Score History
You have not taken this quiz since the last reset